| 000 | 00757nam a2200241 i 4500 | ||
|---|---|---|---|
| 001 | 000013758 | ||
| 003 | DO-SdBNP | ||
| 005 | 20250128094342.0 | ||
| 007 | ta | ||
| 008 | 091130s1985 dr 000 0 spa d | ||
| 040 |
_aDO-SdBNP _bspa _cBNPHU _erda |
||
| 049 | _aBNPD | ||
| 082 |
_axxx _bR311a _222 |
||
| 110 | 1 |
_aRepública Dominicana. _bSecretaría de Estado de Educación, Bellas Artes y Cultos _923965 |
|
| 245 | 1 | 0 | _aRecursos audiovisuales. |
| 264 |
_aSanto Domingo : _bEditora Alfa y Omega, _c1985. |
||
| 300 |
_a228 páginas : _bilustraciones ; _c25 cm. |
||
| 336 |
_atexto _btxt _2rdacontent |
||
| 337 |
_asin mediación _bn _2sin mediación |
||
| 338 |
_avolumen _bnc _2rdacarrier |
||
| 504 | _aBibliografía : páginas 226-228 | ||
| 942 |
_2ddc _cLBS1 |
||
| 999 |
_c13371 _d13371 |
||